Position-sensitive gaseous photomultipliers : research and applications
"This book explores the advancement of gaseous detectors as applied for single photon detection, emphasizing emerging perspectives and new ways to apply gaseous detectors across research fields"--
Saved in:
| Main Authors | , |
|---|---|
| Format | Electronic eBook |
| Language | English |
| Published |
Hershey PA :
Engineering Science Reference,
[2016]
|
| Series | Advances in chemical and materials engineering (ACME) book series.
|
| Subjects | |
| Online Access | Full text |
| ISBN | 9781522502432 1522502432 9781523103911 1523103914 9781522502425 1522502424 |
| Physical Description | 1 online resource (1 volume) : illustrations |
Cover
| LEADER | 00000cam a2200000 i 4500 | ||
|---|---|---|---|
| 001 | kn-ocn951425093 | ||
| 003 | OCoLC | ||
| 005 | 20240717213016.0 | ||
| 006 | m o d | ||
| 007 | cr cn||||||||| | ||
| 008 | 160608s2016 paua ob 000 0 eng d | ||
| 040 | |a UMI |b eng |e rda |e pn |c UMI |d N$T |d IDEBK |d UIU |d N$T |d EBLCP |d IGIGL |d CDX |d YDXCP |d KNOVL |d YDX |d VGM |d OCLCQ |d AU@ |d STF |d OL$ |d OCLCQ |d OCLCO |d OCLCQ |d YWS |d OCLCQ |d OCLCO |d OCLCL | ||
| 020 | |a 9781522502432 |q (electronic bk.) | ||
| 020 | |a 1522502432 |q (electronic bk.) | ||
| 020 | |a 9781523103911 |q (electronic bk.) | ||
| 020 | |a 1523103914 |q (electronic bk.) | ||
| 020 | |z 9781522502425 | ||
| 020 | |z 1522502424 | ||
| 035 | |a (OCoLC)951425093 |z (OCoLC)950739101 |z (OCoLC)951222745 |z (OCoLC)981775604 |z (OCoLC)1058038989 | ||
| 100 | 1 | |a Francke, Tom, |d 1964- |e author. | |
| 245 | 1 | 0 | |a Position-sensitive gaseous photomultipliers : |b research and applications / |c Tom Francke, Vladimir Peskov. |
| 264 | 1 | |a Hershey PA : |b Engineering Science Reference, |c [2016] | |
| 264 | 4 | |c ©2016 | |
| 300 | |a 1 online resource (1 volume) : |b illustrations | ||
| 336 | |a text |b txt |2 rdacontent | ||
| 337 | |a computer |b c |2 rdamedia | ||
| 338 | |a online resource |b cr |2 rdacarrier | ||
| 490 | 1 | |a Advances in chemical and materials engineering (ACME) book series | |
| 504 | |a Includes bibliographical references. | ||
| 505 | 0 | |a Title Page; Copyright Page; Book Series; Dedication; Table of Contents; Preface; Acknowledgment; Introduction; Chapter 1: Conversion of UV and Visible Photons to Photoelectrons; Chapter 2: Electron Multiplication and Electron Multipliers; Chapter 3: Position-Sensitive Gaseous Photomultipliers Filled with Photosensitive Vapours; Chapter 4: Liquid Photocathodes; Chapter 5: Early Work on UV Sensitive Solid Photocathodes for Gaseous Detectors; Chapter 6: CsI and Cs2Te Photocathodes; Chapter 7: Gaseous Detectors Sensitive to Visible Light; Chapter 8: Alternative Position Sensitive Photomultipliers. | |
| 505 | 8 | |a Chapter 9: Cherenkov LightChapter 10: The History of Cherenkov Detectors; Chapter 11: A NaF RICH Counter; Chapter 12: Performance of the CAPRICE94 RICH Detector during the 1994 Balloon Flight; Chapter 13: Performance of the CAPRICE98 Balloon Borne Gas-RICH Detector; Chapter 14: CsI-RICH Detectors; Chapter 15: Other Applications of Photo-Sensitive Detectors; Conclusion; Appendix; Glossary; Compilation of References; About the Contributors; Index; Optional Back Ad. | |
| 506 | |a Plný text je dostupný pouze z IP adres počítačů Univerzity Tomáše Bati ve Zlíně nebo vzdáleným přístupem pro zaměstnance a studenty | ||
| 520 | |a "This book explores the advancement of gaseous detectors as applied for single photon detection, emphasizing emerging perspectives and new ways to apply gaseous detectors across research fields"-- |c Provided by publisher | ||
| 590 | |a Knovel |b Knovel (All titles) | ||
| 650 | 0 | |a Photon detectors. | |
| 650 | 0 | |a Photons. | |
| 650 | 0 | |a Photoelectric multipliers. | |
| 650 | 0 | |a Position sensitive particle detectors. | |
| 655 | 7 | |a elektronické knihy |7 fd186907 |2 czenas | |
| 655 | 9 | |a electronic books |2 eczenas | |
| 700 | 1 | |a Peskov, Vladimir, |e author. | |
| 776 | 0 | 8 | |i Print version: |a Francke, Tom. |t Position-Sensitive Gaseous Photomultipliers : Research and Applications. |d Hershey : IGI Global, ©2016 |z 9781522502425 |
| 830 | 0 | |a Advances in chemical and materials engineering (ACME) book series. | |
| 856 | 4 | 0 | |u https://proxy.k.utb.cz/login?url=https://app.knovel.com/hotlink/toc/id:kpPSGPRA02/position-sensitive-gaseous?kpromoter=marc |y Full text |